000 00630nam a2200193Ia 4500
005 20250923144615.0
008 008 250917s9999 xx 000 0 eng d
037 _aTextual
040 _aDSWL
_beng
_cDSWL
041 _aeng
_2eng
084 _aYX,Z1-z4;6-B2:56'N53t, N54
_qDSWL
245 0 _aReport of the departmental committee on the adoption of children
_cby Her Majesty's Stationary Office
260 _aLondon
_bHer Majesty's Stationery Office
_c1954
300 _aiv,87p.
365 _aINR
_b2.40
925 _g2.40
942 _cTEXL
_hYX,Z1-z4;6-B2:56'N53t, N54
999 _c1441095
_d1441095